000 01117nam a22003257a 4500
999 _c10672
_d10672
003 URS
005 20220117100027.0
008 200214b ||||| |||| 00| 0 eng d
040 _aURS
_bEng
_cURS
_dURS
_erda
050 _aBF199
_b.Un25t 2018
245 _aUnderstanding the self /
_cRodrigo DP. Tomas...[and eight others].
260 _aMalabon City :
_bMutya Publishing House, Incorporated,
_c©2018
300 _aiii, 186 pages :
_billustrations ;
_c26 cm.
336 _atext
_btxt
_2rdacontent
337 _aunmediated
_bn
_2rdamedia
338 _avolume
_bnc
_2rdacarrier
504 _aIncludes bibliographical references and glossary.
650 0 _aPsychology.
650 0 _aHuman behavior.
700 _aTomas, Rodrigo DP.
_eauthor.
700 _aSanchez, Marivic T.
_eauthor.
700 _aParagas, Elena T.
_eauthor.
700 _aPerez, Nepomuceno S.
_eauthor.
700 _aMarasigan, Joan B.
_eauthor.
700 _aMiranda, Mary Beth C.
_eauthor.
700 _aCortez, Lilibeth T.
_eauthor.
700 _aMontalbo, Agnes F.
_eauthor.
700 _aEspiritu, Amorsolo F.
_eauthor.
942 _2lcc
_cF